=LDR 00000nam 2200000 4500 =001 INLIS000000001053109 =005 20241203124052 =035 ##$$a 0010-1224000007 =007 ta =008 241203################g##########0#ind## =020 ##$$a 978-623-418-255-2 =082 ##$$a 664.8 =084 ##$$a 664.8 FER o =100 #$$a Ferry Ikhsandy =245 1#$$a Operasi mekanik industri petrokimia /$c Ferry Ikhsandy =260 ##$$a Bandar Lampung :$b Pusaka Media,$c 2023 =300 ##$$a viii, 126 hlm. : $b ilus. ; $c 15,8 x 23 cm =650 #4$$a Petrokimia =504 ##$$a Bibliografi: hlm. 124 =990 ##$$a 25042504